<?xml version="1.0" encoding="UTF-8"?>
<collection xmlns="http://www.loc.gov/MARC21/slim">
  <record>
    <leader>00000nam  2200000   4500</leader>
    <controlfield tag="001">INLIS000000000008049</controlfield>
    <controlfield tag="005">20260126075318</controlfield>
    <datafield tag="035" ind1="#" ind2="#">
      <subfield code="a">0010-1222000159</subfield>
    </datafield>
    <datafield tag="245" ind1="1" ind2="#">
      <subfield code="a">Creativity To Commerce /</subfield>
      <subfield code="c">Arief Yahya</subfield>
    </datafield>
    <datafield tag="100" ind1="1" ind2="#">
      <subfield code="a">YAHYA, Arief</subfield>
    </datafield>
    <datafield tag="300" ind1="#" ind2="#">
      <subfield code="a">xiv, 163 halaman :</subfield>
      <subfield code="b">Gambar ;</subfield>
      <subfield code="c">14x21 cm</subfield>
    </datafield>
    <datafield tag="260" ind1="#" ind2="#">
      <subfield code="a">Jakarta :</subfield>
      <subfield code="b">PT Gramedia Pustaka Utama,</subfield>
      <subfield code="c">2014</subfield>
    </datafield>
    <datafield tag="020" ind1="#" ind2="#">
      <subfield code="a">978-602-03-1176-0</subfield>
    </datafield>
    <datafield tag="650" ind1="#" ind2="4">
      <subfield code="a">Lembaga Perkreditan</subfield>
    </datafield>
    <datafield tag="520" ind1="#" ind2="#">
      <subfield code="a">Industri Kreatif adalah industri yang sangat dinamis. Baik yang berbasis digital maupun tidak. Apalagi, di era sekarang ini, industri kreatif bahkan bisa menjadi industri yang menopang perekonomian suatu negara secara signifikan.</subfield>
    </datafield>
    <controlfield tag="008">260126###########################0#ind##</controlfield>
    <datafield tag="082" ind1="#" ind2="#">
      <subfield code="a">332.7</subfield>
    </datafield>
    <datafield tag="084" ind1="#" ind2="#">
      <subfield code="a">332.7 YAH c</subfield>
    </datafield>
    <datafield tag="250" ind1="#" ind2="#">
      <subfield code="a">Cet. 1</subfield>
    </datafield>
    <datafield tag="856" ind1="#" ind2="#">
      <subfield code="a">OPAC ( Ruang Referensi , Rak-4.1)</subfield>
    </datafield>
    <datafield tag="990" ind1="#" ind2="#">
      <subfield code="a">519/H-21</subfield>
    </datafield>
  </record>
</collection>
